[Event "GER-ch U25-B"]
[Site "Willingen"]
[Date "2019.06.12"]
[Round "5"]
[White "Reuter, Max"]
[Black "Bruegmann, Kai"]
[Result "0-1"]
[WhiteElo "1545"]
[BlackElo "1555"]
[PlyCount "80"]
[EventDate "2019.06.08"]
[EventType "swiss"]
[EventRounds "9"]
[EventCountry "GER"]
[SourceTitle "CBM 191 Extra"]
[Source "ChessBase"]
[SourceDate "2019.09.30"]
[SourceVersion "1"]
[SourceVersionDate "2019.09.30"]
[SourceQuality "1"]

1. c4 c5 2. Nc3 Nc6 3. g3 g6 4. Bg2 Bg7 5. d3 e6 6. e4 a6 7. f4 d6 8. Nf3 Nge7 9. Be3 Nd4 10. 0-0 Nec6 11. Rb1 0-0 12. Kh1 Rb8 13. a3 b5 14. Bxd4 Nxd4 15. Nxd4 Bxd4 16. Ne2 Bg7 17. b4 Qc7 18. Qb3 Qb6 19. Rfc1 Bd7 20. Nc3 Rfc8 21. bxc5 Qxc5 22. Ne2 Qe3 23. Ng1 Rb6 24. Rc2 Rbc6 25. e5 dxe5 26. Re2 Qc5 27. cxb5 Rb6 28. Qd1 Bxb5 29. Reb2 Qxa3 30. fxe5 Bxe5 31. d4 Bg7 32. Ne2 Bxe2 33. Qxe2 Rxb2 34. Rxb2 Qa1+ 35. Bf1 Bxd4 36. Ra2 Qb1 37. Rxa6 Rc1 38. Rxe6 Rxf1+ 39. Kg2 Rg1+ 40. Kh3 Qf5+ 0-1

[Event "GER-ch U25-B"]
[Site "Willingen"]
[Date "2019.06.09"]
[Round "2"]
[White "Lohrmann, Linus"]
[Black "Reuter, Max"]
[Result "0-1"]
[WhiteElo "1366"]
[BlackElo "1545"]
[PlyCount "102"]
[EventDate "2019.06.08"]
[EventType "swiss"]
[EventRounds "9"]
[EventCountry "GER"]
[SourceTitle "CBM 191 Extra"]
[Source "ChessBase"]
[SourceDate "2019.09.30"]
[SourceVersion "1"]
[SourceVersionDate "2019.09.30"]
[SourceQuality "1"]

1. e4 c5 2. Nf3 e6 3. d4 cxd4 4. Nxd4 a6 5. Nc3 Qc7 6. Bd3 Nf6 7. 0-0 Bb4 8. Bd2 b5 9. Ncxb5 axb5 10. Bxb4 Ba6 11. Bxb5 Qb6 12. c4 Nxe4 13. a4 Nc6 14. a5 Qxd4 15. Qxd4 Nxd4 16. Bxd7+ Kxd7 17. Rad1 e5 18. f4 Ke6 19. fxe5 Nc6 20. Bd6 Bxc4 21. Rf3 Be2 22. Rc1 Bxf3 23. gxf3 Nxd6 24. Rxc6 Kxe5 25. f4+ Kd5 26. Rc2 Rxa5 27. Rg2 Ra1+ 28. Kf2 Ne4+ 29. Ke3 g6 30. Rc2 Re8 31. Kf3 Rf1+ 32. Kg4 h5+ 33. Kh3 Rf3+ 34. Kg2 Rf2+ 35. Rxf2 Nxf2 36. Kxf2 Rb8 37. Kg3 Rxb2 38. h3 f6 39. Kh4 Rb3 40. f5 g5+ 41. Kxh5 Rxh3+ 42. Kg6 Ke5 43. Kg7 Kxf5 44. Kf7 Rh7+ 45. Kg8 Ra7 46. Kf8 Ke6 47. Kg8 f5 48. Kf8 f4 49. Kg8 Kf6 50. Kh8 Kg6 51. Kg8 Ra8# 0-1

[Event "GER-ch U25-B"]
[Site "Willingen"]
[Date "2016.05.15"]
[Round "1"]
[White "Reuter, Max"]
[Black "Zeng, Jiakang Felix"]
[Result "0-1"]
[WhiteElo "1268"]
[BlackElo "800"]
[PlyCount "118"]
[EventDate "2016.05.15"]
[EventType "swiss"]
[EventRounds "9"]
[EventCountry "GER"]
[SourceTitle "CBM 172 Extra"]
[Source "ChessBase"]
[SourceDate "2016.06.21"]
[SourceVersion "1"]
[SourceVersionDate "2016.06.21"]
[SourceQuality "1"]

1. e4 e5 2. Nf3 Nc6 3. Bc4 Bc5 4. 0-0 Nf6 5. Nc3 0-0 6. d3 h6 7. Be3 Bxe3 8. fxe3 d6 9. h3 Na5 10. Bb3 Nxb3 11. axb3 Be6 12. d4 exd4 13. exd4 c5 14. d5 Bd7 15. Qe1 b5 16. Nd2 b4 17. Ne2 Re8 18. Qf2 Kh8 19. Ng3 a5 20. Nc4 Qe7 21. Rae1 Qf8 22. Nf5 Ra6 23. Nxh6 Bb5 24. Qh4 gxh6 25. Qxf6+ Kg8 26. Rf3 Qg7 27. Qxg7+ Kxg7 28. Ne3 Kf8 29. Ng4 a4 30. Nxh6 Re7 31. Rg3 Ke8 32. bxa4 Bxa4 33. c3 Bc2 34. Nf5 Re5 35. cxb4 cxb4 36. Nd4 Bxe4 37. Rge3 f5 38. Nxf5 Rxf5 39. Rxe4+ Kf7 40. Rxb4 Rxd5 41. Kf2 Rd3 42. Rf4+ Kg6 43. Rf3 Rd2+ 44. Re2 Rxe2+ 45. Kxe2 Rb6 46. Rd3 Kf6 47. b4 Rxb4 48. Rxd6+ Ke5 49. Rd3 Kf5 50. Kf3 Kg5 51. Kg3 Rc4 52. Kh2 Kh4 53. g3+ Kh5 54. Rd5+ Kg6 55. h4 Kf6 56. Kh3 Ke6 57. h5 Kxd5 58. g4 Ke6 59. Kg3 Kf6 0-1

[Event "GER-ch U25-B"]
[Site "Willingen"]
[Date "2016.05.15"]
[Round "2"]
[White "Reyher, Bastian"]
[Black "Reuter, Max"]
[Result "0-1"]
[WhiteElo "1038"]
[BlackElo "1268"]
[PlyCount "114"]
[EventDate "2016.05.15"]
[EventType "swiss"]
[EventRounds "9"]
[EventCountry "GER"]
[SourceTitle "CBM 172 Extra"]
[Source "ChessBase"]
[SourceDate "2016.06.21"]
[SourceVersion "1"]
[SourceVersionDate "2016.06.21"]
[SourceQuality "1"]

1. e4 c5 2. Bc4 e6 3. Nf3 a6 4. Nc3 Qc7 5. d4 cxd4 6. Qxd4 Nc6 7. Qd3 Nf6 8. Be3 b5 9. Bb3 Bb7 10. e5 Nxe5 11. Nxe5 Qxe5 12. 0-0-0 Be7 13. Rhe1 Qc7 14. g3 0-0 15. h3 d5 16. g4 Nd7 17. Ne2 Ne5 18. Qc3 Qxc3 19. Nxc3 Nf3 20. Re2 Rfd8 21. Bb6 Rd7 22. Rd3 d4 23. Ne4 Ng5 24. Ng3 Nxh3 25. Rxd4 Rxd4 26. Bxd4 Bf3 27. Rd2 Bg5 28. Be3 Bxe3 29. fxe3 Bxg4 30. a4 g6 31. c4 bxc4 32. Bxc4 Bf3 33. Rd6 Rc8 34. b3 Bd5 35. Kb2 Bxc4 36. bxc4 Rxc4 37. Rxa6 Kf8 38. e4 Ke7 39. a5 Kd7 40. e5 Rc6 41. Ra7+ Rc7 42. Ra6 Ng5 43. Kb3 Nf3 44. Ne4 Nxe5 45. Nf6+ Kc8 46. Nxh7 Kb8 47. Kb4 Ra7 48. Rb6+ Rb7 49. Kc5 Nd7+ 50. Kc6 Nxb6 51. axb6 f5 52. Ng5 e5 53. Nf3 e4 54. Ne1 g5 55. Kc5 Rd7 56. Kc6 Rd1 57. Nc2 Rc1 0-1

[Event "GER-ch U10"]
[Site "Willingen"]
[Date "2015.05.30"]
[Round "11"]
[White "Rempe, Jonas"]
[Black "Reuter, Max"]
[Result "1/2-1/2"]
[WhiteElo "1292"]
[BlackElo "1036"]
[PlyCount "77"]
[EventDate "2015.05.24"]
[EventType "swiss"]
[EventRounds "11"]
[EventCountry "GER"]
[SourceTitle "CBM 166 Extra"]
[Source "ChessBase"]
[SourceDate "2015.06.18"]
[SourceVersion "1"]
[SourceVersionDate "2015.06.18"]
[SourceQuality "1"]

1. e4 c5 2. Nf3 e6 3. d4 cxd4 4. Nxd4 a6 5. Nc3 Qc7 6. Bd3 Nf6 7. 0-0 Bb4 8. Nce2 b5 9. c3 Bc5 10. Nf3 Bb7 11. Bf4 d6 12. e5 dxe5 13. Bxe5 Bd6 14. Bxd6 Qxd6 15. Bxb5+ Ke7 16. Qxd6+ Kxd6 17. Bd3 Bxf3 18. gxf3 Nbd7 19. Rad1 Ke7 20. Ng3 Nd5 21. Be4 N7f6 22. Rfe1 Rad8 23. Bxd5 Nxd5 24. c4 Nb4 25. Rxd8 Rxd8 26. a3 Nd3 27. Re2 Rc8 28. Rc2 Ne5 29. Kg2 Rxc4 30. Re2 f6 31. Re4 Rxe4 32. Nxe4 Nc4 33. Nc5 a5 34. b4 Kd6 35. Nb3 a4 36. Nc5 Nxa3 37. Nxa4 Nc2 38. b5 Na3 39. b6 1/2-1/2

[Event "GER-ch U10"]
[Site "Willingen"]
[Date "2015.05.25"]
[Round "3"]
[White "Reuter, Max"]
[Black "Bress, Aaron"]
[Result "0-1"]
[WhiteElo "1036"]
[BlackElo "1477"]
[PlyCount "82"]
[EventDate "2015.05.24"]
[EventType "swiss"]
[EventRounds "11"]
[EventCountry "GER"]
[SourceTitle "CBM 166 Extra"]
[Source "ChessBase"]
[SourceDate "2015.06.18"]
[SourceVersion "1"]
[SourceVersionDate "2015.06.18"]
[SourceQuality "1"]

1. e4 c6 2. d4 d5 3. Nc3 dxe4 4. Nxe4 Bf5 5. Ng3 Bg6 6. h4 h6 7. Nf3 Nd7 8. h5 Bh7 9. Bd3 Bxd3 10. Qxd3 Ngf6 11. Be3 e6 12. 0-0-0 Qc7 13. Nd2 0-0-0 14. Rh3 Nd5 15. c4 Nxe3 16. fxe3 Nf6 17. Nde4 Ng4 18. Qe2 f5 19. Nf2 Nf6 20. e4 f4 21. Nf1 e5 22. dxe5 Rxd1+ 23. Kxd1 Qxe5 24. Kc1 Qg5 25. Qf3 Qc5 26. Nd2 Bd6 27. Nd3 Qa5 28. a3 Qg5 29. b4 Ng4 30. c5 Bc7 31. Nc4 Ne5 32. Ncxe5 Bxe5 33. Nxe5 Qxe5 34. Qg4+ Kb8 35. Qg6 Rd8 36. Kc2 Qd4 37. Rh1 Qc4+ 38. Kb1 Qb3+ 39. Kc1 Qxa3+ 40. Kc2 Qa2+ 41. Kc3 Qd2+ 0-1

[Event "GER-ch U10"]
[Site "Willingen"]
[Date "2015.05.24"]
[Round "1"]
[White "Reuter, Max"]
[Black "Schroeder, Lennart"]
[Result "1-0"]
[WhiteElo "1036"]
[BlackElo "1339"]
[PlyCount "77"]
[EventDate "2015.05.24"]
[EventType "swiss"]
[EventRounds "11"]
[EventCountry "GER"]
[SourceTitle "CBM 166 Extra"]
[Source "ChessBase"]
[SourceDate "2015.06.18"]
[SourceVersion "1"]
[SourceVersionDate "2015.06.18"]
[SourceQuality "1"]

1. e4 c5 2. Nf3 d6 3. d4 cxd4 4. Nxd4 Nf6 5. Nc3 a6 6. a4 b6 7. Bd3 Bb7 8. Be3 Nbd7 9. 0-0 Nc5 10. f3 e6 11. Qe2 Be7 12. Qf2 Nfd7 13. Be2 Ne5 14. b4 Ncd7 15. b5 a5 16. Qg3 Ng6 17. f4 Rc8 18. Bd2 e5 19. fxe5 dxe5 20. Nf5 Kf8 21. Rac1 Nf6 22. Qd3 Bc5+ 23. Kh1 Qxd3 24. cxd3 Bb4 25. Nb1 Bxd2 26. Rxc8+ Bxc8 27. Nxd2 Bxf5 28. Rxf5 Nf4 29. Bf1 Ng4 30. g3 g6 31. Rg5 h5 32. gxf4 f6 33. Rxg6 Kf7 34. f5 Rc8 35. h3 Ne3 36. Nc4 Rxc4 37. dxc4 Nxf1 38. c5 bxc5 39. b6 1-0